000
00507nam a2200181Ia 4500
008
090124s9999 xx 000 0 und d
082
_b
108360
100
_a
पाटील दिनकर द
245
_a
शंभर रुपये
250
_a
1
260
_c
1961
300
_a
122
600
_a
पाटील दिनकर द
630
_a
शंभर रुपये
700
_a
पाटील दिनकर द
730
_a
शंभर रुपये
942
_c
BOOK
999
_c
154451
_d
154451